Genetic algorithms in engineering application
Gespeichert in:
| 1. Verfasser: | |
|---|---|
| Format: | Buch |
| Veröffentlicht: |
Trnava :
STU v Bratislave MTF,
2007
|
| Tags: |
Keine Tags, Fügen Sie das erste Tag hinzu!
|
MARC
| LEADER | 00000nam a22000003a 4500 | ||
|---|---|---|---|
| 001 | stu161754 | ||
| 005 | 20220401153135.4 | ||
| 008 | 080421s2007----------------------------d | ||
| 040 | |a STU |b slo | ||
| 041 | 0 | ||
| 100 | 1 | |a Bezák, Pavol, |d 1977- |4 aut |u M6000 |U MTF Materiálovotechnologická fakulta |T MTF Ústav aplikovanej informatiky, automatizácie a matematiky |X 2805 |U M6000 |Y 86 |7 A000002805 | |
| 245 | 1 | |a Genetic algorithms in engineering application | |
| 260 | |a Trnava : |b STU v Bratislave MTF, |c 2007 | ||